000
00297nam a2200109Ia 4500
008
200302s9999 xx 000 0 und d
100
_a
Kunsthalle Bielefeld
245
_a
Sou FujiMoto Futurospective Archtiecture
260
_b
Verlag der Buchhandlung Walther Konig ,
260
_c
2013
300
_a
359
999
_c
3399
_d
3399